000 00838nam2a22002411 4500
001 RU\NLR\INFOCOMM6\ROSSICA\1000449398
005 20250613194738.0
035 _a(NLR Aleph) 009990842
090 _a9739638
_c9739638
100 _a20040514d1904 |||y0rusy50 ca
101 0 _afre
102 _aRU
105 _ay ||||000ay
200 0 _a1903
210 _d1904
_aБ. м.
461 0 _1001RU\NLR\INFOCOMM17\ROSSICA\1000311174
_12001#$aCompte-Rendu Des Operations de la Societe des Laminoirs de cuivre et des Cartoucheries de Toula$v1903
_99662884
_cТула
_d1899-1905
_tCompte-Rendu Des Operations de la Societe des Laminoirs de cuivre et des Cartoucheries de Toula
_v1903
801 1 _aRU
_bInfoComm
_c20040514
801 0 _aRU
_bNLR
_gPSBO
852 _aNLR
_bCr
_j4°320
942 _cBOOK
980 _aNB
980 _aRossica